| 000 | 00322nam a2200109Ia 4500 | ||
|---|---|---|---|
| 008 | 220204s9999 xx 000 0 und d | ||
| 082 |
_aNR:678.0121980 _bRRM |
||
| 245 | 0 | _aManual of laboratory methods for chemical analysis of rubber effluent | |
| 260 |
_aKuala Lumpur _bRRIM _c1980 |
||
| 650 | _aRubber effluent | ||
| 942 | _cBK | ||
| 999 |
_c36020 _d36020 |
||